Clinical nursing skills & techniques / (Record no. 355)
[ view plain ]
| 000 -LEADER | |
|---|---|
| fixed length control field | 01444cam a2200337 i 4500 |
| 001 - CONTROL NUMBER | |
| control field | 18067098 |
| 003 - CONTROL NUMBER IDENTIFIER | |
| control field | OSt |
| 005 - DATE AND TIME OF LATEST TRANSACTION | |
| control field | 20210215181934.0 |
| 008 - FIXED-LENGTH DATA ELEMENTS--GENERAL INFORMATION | |
| fixed length control field | 140313s2014 mou a bf 001 0 eng |
| 010 ## - LIBRARY OF CONGRESS CONTROL NUMBER | |
| LC control number | 2013372078 |
| 020 ## - INTERNATIONAL STANDARD BOOK NUMBER | |
| International Standard Book Number | 9780323083836 (pbk) |
| 040 ## - CATALOGING SOURCE | |
| Original cataloging agency | DLC |
| Language of cataloging | eng |
| Transcribing agency | DLC |
| Description conventions | rda |
| Modifying agency | DLC |
| -- | PHNSL |
| 042 ## - AUTHENTICATION CODE | |
| Authentication code | pcc |
| 050 00 - LIBRARY OF CONGRESS CALL NUMBER | |
| Classification number | RT51 |
| Item number | .P365 2014 |
| 082 00 - DEWEY DECIMAL CLASSIFICATION NUMBER | |
| Classification number | 610.73 |
| Edition number | 23 |
| 100 1# - MAIN ENTRY--PERSONAL NAME | |
| Personal name | Perry, Anne Griffin. |
| 245 10 - TITLE STATEMENT | |
| Title | Clinical nursing skills & techniques / |
| Statement of responsibility, etc. | Anne Griffin Perry, RN, MSN, EdD, FAAN, Associate Dean and Professor, School of Nursing, Southern Illinois University--Edwardsville, Edwardsville, Illinois, Patricia A. Potter, RN, MSN, PhD, FAAN, Director of Research, Patient Care Services, Barnes-Jewish Hospital, St. Louis, Missouri, Wendy R. Ostendorf, RN, MS, EdD, CNE, Associate Professor of Nursing, Neuman University, Aston, Pennsylvania. |
| 250 ## - EDITION STATEMENT | |
| Edition statement | 8th edition |
| 260 ## - PUBLICATION, DISTRIBUTION, ETC. | |
| Place of publication, distribution, etc. | St. Louis, Missouri : |
| Name of publisher, distributor, etc. | Elsevier, |
| Date of publication, distribution, etc. | 2014. |
| 300 ## - PHYSICAL DESCRIPTION | |
| Extent | xviii, 1196 pages : |
| Other physical details | color illustrations ; |
| Dimensions | 28 cm |
| 336 ## - CONTENT TYPE | |
| Content type term | text |
| Content type code | txt |
| Source | rdacontent |
| 337 ## - MEDIA TYPE | |
| Media type term | unmediated |
| Media type code | n |
| Source | rdamedia |
| 338 ## - CARRIER TYPE | |
| Carrier type term | volume |
| Carrier type code | nc |
| Source | rdacarrier |
| 504 ## - BIBLIOGRAPHY, ETC. NOTE | |
| Bibliography, etc. note | Includes bibliographical references and index. |
| 650 #0 - SUBJECT ADDED ENTRY--TOPICAL TERM | |
| Topical term or geographic name entry element | Nursing |
| Form subdivision | Handbooks, manuals, etc. |
| 700 1# - ADDED ENTRY--PERSONAL NAME | |
| Personal name | Potter, Patricia Ann. |
| 700 1# - ADDED ENTRY--PERSONAL NAME | |
| Personal name | Ostendorf, Wendy. |
| 906 ## - LOCAL DATA ELEMENT F, LDF (RLIN) | |
| a | 7 |
| b | cbc |
| c | orignew |
| d | 2 |
| e | ncip |
| f | 20 |
| g | y-gencatlg |
| 942 ## - ADDED ENTRY ELEMENTS (KOHA) | |
| Source of classification or shelving scheme | Library of Congress Classification |
| Koha item type | Books |
| Withdrawn status | Lost status | Source of classification or shelving scheme | Damaged status | Not for loan | Home library | Current library | Shelving location | Date acquired | Full call number | Barcode | Date last seen | Copy number | Price effective from | Koha item type | Public note |
|---|---|---|---|---|---|---|---|---|---|---|---|---|---|---|---|
| Library of Congress Classification | Public Health Nurses School | Public Health Nurses School | General Stacks | 02/15/2021 | RT51.P42 | 00932 | 02/15/2021 | c.1 | 02/15/2021 | Books | kd 15/02/21 | ||||
| Library of Congress Classification | Public Health Nurses School | Public Health Nurses School | General Stacks | 02/15/2021 | RT51.P42 | 00933 | 02/15/2021 | c.2 | 02/15/2021 | Books | kd 15/02/21 | ||||
| Library of Congress Classification | Public Health Nurses School | Public Health Nurses School | General Stacks | 02/15/2021 | RT51.P42 | 00934 | 02/15/2021 | c.3 | 02/15/2021 | Books | kd 15/02/21 | ||||
| Library of Congress Classification | Public Health Nurses School | Public Health Nurses School | General Stacks | 02/15/2021 | RT51.P42 | 00935 | 02/15/2021 | c.4 | 02/15/2021 | Books | kd 15/02/21 | ||||
| Library of Congress Classification | Public Health Nurses School | Public Health Nurses School | General Stacks | 02/15/2021 | RT51.P42 | 00936 | 02/15/2021 | c.5 | 02/15/2021 | Books | kd 15/02/21 | ||||
| Library of Congress Classification | Public Health Nurses School | Public Health Nurses School | General Stacks | 02/15/2021 | RT51.P42 | 00937 | 02/15/2021 | c.6 | 02/15/2021 | Books | kd 15/02/21 | ||||
| Library of Congress Classification | Public Health Nurses School | Public Health Nurses School | General Stacks | 02/15/2021 | RT51.P42 | 00938 | 02/15/2021 | c.7 | 02/15/2021 | Books | kd 15/02/21 |
